000 00572 a2200193 4500
005 20241129143621.0
010 _aB-761294
020 _a9789364687065
_c275.00
035 _aB-761294
037 _bGift/28.11.24
082 _a540
100 _aRana, R.P.
_974402
245 _aS. Chand's Science Pulse Chemistry;
_bfor Class 6 Middle School/
_cR.P. Rana
260 _aU.P.
_bS. Chand's
_c2025
270 _aU. P.
300 _a115 p.
_c25cm (Pb)
942 _adpl
_cCH
_2ddc
_h540
_mRAN
999 _c207242
_d207242